Normal view
MARC view
Entry Personal Name
001 - CONTROL NUMBER
- control field: 48795
003 - CONTROL NUMBER IDENTIFIER
- control field: ARRUPE
005 - DATE AND TIME OF LATEST TRANSACTION
- control field: 20191121092454.0
008 - FIXED-LENGTH DATA ELEMENTS
- fixed length control field: 191121|| aca||aabn | a|a d
040 ## - CATALOGING SOURCE
- Original cataloging agency: ARRUPE
- Transcribing agency: ARRUPE
100 ## - HEADING--PERSONAL NAME
- Personal name: Lenin, Vladimir ilich
670 ## - SOURCE DATA FOUND
- Source citation: Work cat.: (ARRUPE)0: Lenin, Vladimir ilich, V. I. Lenin, ., c1972-1980.